Sociologie du chômage
Salvato in:
| Autore principale: | |
|---|---|
| Natura: | Libro |
| Lingua: | francese |
| Pubblicazione: |
Paris
<La> Découverte
1995
|
| Serie: | Reperes
176 |
| Soggetti: | |
| Tags: |
Nessun Tag, puoi essere il primo ad aggiungerne!!
|
MARC
| LEADER | 00000nam$a2200000$$$4500 | ||
|---|---|---|---|
| 001 | 0116035 | ||
| 005 | 20240111124611.1 | ||
| 020 | |a 2-7071-2500-8 | ||
| 041 | 0 | |a fre | |
| 044 | |a FR | ||
| 245 | 1 | 0 | |a Sociologie du chômage |c Didier Demaziere |
| 264 | 1 | |a Paris |b <La> Découverte |c 1995 | |
| 300 | |a 125 s. | ||
| 490 | 1 | |a Reperes |v 176 | |
| 830 | 0 | |a Reperes |v 176 | |
| 610 | 2 | 0 | |a sociológia práce |
| 610 | 2 | 0 | |a nezamestnanosť |
| 100 | 1 | |a Demaziere, Didier | |